00558nam a22001457a 4500003000400000005001700004008004100021040001400062100002300076245013700099260001000236300003000246500011000276504002600386OSt20171010095448.0120621t xxu||||| |||| 00| 0 eng d aMMSUcULS aDiaz, Jae Karl R.  aDesign, fabrication and evaluation of a low cost micro hydro power laboratory using a cross flow turbine cJae Karl R. Diaz, et al.  c2007  axi, [72] leaves c28 cm.  aThesis (BS Mechanical Engineering) -- Mariano Marcos State University-College of Engineering, Batac City  aBibliography: leaf 51